| 000 | 00533nam a2200181Ia 4500 | ||
|---|---|---|---|
| 999 |
_c20468 _d20468 |
||
| 003 | OSt | ||
| 005 | 20201110103140.0 | ||
| 008 | 190216s9999||||xx |||||||||||||| ||und|| | ||
| 020 | _a9780140157499 | ||
| 040 | _coclc | ||
| 082 |
_a863.64 _bMAR/N |
||
| 100 |
_aMarquez, Gabriel Garcia _95316 |
||
| 245 | 0 |
_aNo One Writes To The Colonel / _cGabriel Garcia Marquez |
|
| 260 |
_bPenguin Books, _c1968. _aNew Delhi: |
||
| 300 | _a67p | ||
| 650 | _aWorld History | ||
| 942 |
_cBK _2ddc _h863.64 _iMAR/N _k863.64 _mMAR/N |
||